000 00812nam a2200265Ia 4500
005 20220316235209.0
008 121119s1997 s a gr 000 j spa
020 _a8424623665
041 0 _aspa
100 1 _aAlcántara, Ricardo
_d1946-
245 1 3 _aLa canción de Sinbarba
_cRicardo Alcántara, Roser Capdevila
250 _aPrimera edición
264 1 _aBarcelona
_bLa Galera
_c1997
300 _a18 páginas
_bilustraciones
_c20 cm.
336 _atexto
_btxt
_2rdacontent
337 _asin mediación
_bn
_2rdamedia
338 _avolumen
_bnc
_2rdacarrier
650 1 4 _2LEMB
_aCuentos infantiles
650 1 4 _2LEMB
_aLiteratura infantil
650 1 4 _2LEMB
_aPiratas
_vCuentos
700 1 _aCapdevila, Roser
_9116378
942 _2loc
_cBKLIT
040 _aCO-BoRNBP
_bspa
_erda
_cCO-BoRNBP
084 _aC ALC2
999 _c203
_d203